000 04099cam a22002054a 4500
005 20250605164126.0
008 250528s ||||||||||||||||||||||||d
035 _a18462
020 _a9609120172
040 _aGR-AtMCL
_bgre
_dGR-AtMCL
_eAACR2
245 1 _aΧρηματοοικονομικό και Τραπεζικό Σύστημα / Χρηματοοικονομική Διοίκηση και Τραπεζική Οικονομική.
_nΤόμος Β'
260 _bΕ.Κ.Π.Α,
_c2002
300 _a672
505 0 _aΧρηματοοικομικό Σύστημα και Αγορές, Βασικά Πρότυπα Συμπεριφοράς και Λειτουργίας των Αγορών, Η Λειτουργία του Χρηματοοικονικού Συστήματος, Χρηματοπιστωτικό Σύστημα και Οικονομική Πολιτική, Το Ενοποιημένο Πλαίσιο των Διεθνών Χρηματοπιστωτικών Αγορών και Συναλλαγών, Μη Τραπεζικά Χρηματοπιστωτικά Ιδρύματα, Χρηματοοικονικές Αγορές, Οι Αγορές Διαχείρισης Κινδύνου, Το Τραπεζικό Σύστημα: Οργάνωση και Μεταβολή, Η Οργάνωση και η Μεταβολή των Χρηματοοικονομικών Συστημάτων, Διεύρυνση και Εξειδίκευση Εργασιών: Η Πορεία προς τα Χρηματοπιστωτικά Ιδρύματα Γενικής Τραπεζικής, Επιλογές Στρατηγικής και Νέες Τάσεις του Ανταγωνισμού στη Σύγχρονη Στρατηγική, Οικονίες Παραγωγής στον Τραπεζικό Κλάδο, Η Θεωρία της Τραπεζικής Εποπτείας, Η Εξέλιξη του Χρηματοοικονομικού Συστήματος, Το Πλαίσιο του Ελληνικού Χρηματοπιστωτικού Συστήματος μέχρι τα Μέσα της Δεκαετίας του 1980, Η Εξέλιξη του Χρηματοοικονικού Συστήματος την Περίοδο 1994-2001, Βιβλιογραφία.
520 _aΧρηματοοικομικό Σύστημα και Αγορές, Βασικά Πρότυπα Συμπεριφοράς και Λειτουργίας των Αγορών, Η Λειτουργία του Χρηματοοικονικού Συστήματος, Χρηματοπιστωτικό Σύστημα και Οικονομική Πολιτική, Το Ενοποιημένο Πλαίσιο των Διεθνών Χρηματοπιστωτικών Αγορών και Συναλλαγών, Μη Τραπεζικά Χρηματοπιστωτικά Ιδρύματα, Χρηματοοικονικές Αγορές, Οι Αγορές Διαχείρισης Κινδύνου, Το Τραπεζικό Σύστημα: Οργάνωση και Μεταβολή, Η Οργάνωση και η Μεταβολή των Χρηματοοικονομικών Συστημάτων, Διεύρυνση και Εξειδίκευση Εργασιών: Η Πορεία προς τα Χρηματοπιστωτικά Ιδρύματα Γενικής Τραπεζικής, Επιλογές Στρατηγικής και Νέες Τάσεις του Ανταγωνισμού στη Σύγχρονη Στρατηγική, Οικονίες Παραγωγής στον Τραπεζικό Κλάδο, Η Θεωρία της Τραπεζικής Εποπτείας, Η Εξέλιξη του Χρηματοοικονομικού Συστήματος, Το Πλαίσιο του Ελληνικού Χρηματοπιστωτικού Συστήματος μέχρι τα Μέσα της Δεκαετίας του 1980, Η Εξέλιξη του Χρηματοοικονικού Συστήματος την Περίοδο 1994-2001, Βιβλιογραφία.
700 1 _aΠετράκης Π.Ε
_94686
942 _cBK
999 _c3823
_d3823